[Event "?"]
[Site "?"]
[Date "????.??.??"]
[Round "?"]
[White "Parisse, Denis"]
[Black "Charles, Freddy"]
[Result "1-0"]
[WhiteElo "1960"]
[BlackElo "1820"]
[Annotator "6-36"]
[PlyCount "145"]
[SourceDate "2004.08.12"]

1. e4 c6 2. Bc4 d5 3. exd5 cxd5 4. Bb3 Nf6 5. d3 Bg4 6. Nf3 e6 7. Bf4 Nc6 8. c3
Be7 9. Nbd2 O-O 10. O-O e5 11. Bg5 h6 12. Bxf6 Bxf6 13. h3 Bf5 14. Bc2 Re8 15.
Re1 Qc7 16. Rc1 Rad8 17. Re2 Qa5 18. a3 Qa6 19. Ne1 e4 20. d4 Bg5 21. Ra1 Na5
22. f3 Bxd2 23. Rxd2 Nc4 24. fxe4 Bxe4 25. Bxe4 Rxe4 26. Rf2 Rde8 27. Nd3 b6
28. Qh5 Qb7 29. b3 Nd6 30. Nb4 Re1+ 31. Rf1 Rxa1 32. Rxa1 Ne4 33. Qxd5 Qb8 34.
Rf1 Nf6 35. Qf3 Qd6 36. a4 Qe7 37. Nc6 Qe6 38. c4 a5 39. d5 Qd6 40. Nd4 Qc5 41.
Qf2 Re4 42. Nf5 Qb4 43. Qc2 Re1 44. Qd3 Qc5+ 45. Kh2 Rxf1 46. Qxf1 g6 47. Nxh6+
Kg7 48. Ng4 Qd6+ 49. g3 Ne4 50. Qf4 Qxf4 51. gxf4 Nc5 52. d6 Kf8 53. Ne5 Ke8
54. Kg2 Nxb3 55. d7+ Ke7 56. d8=Q+ Kxd8 57. Nxf7+ Ke7 58. Ne5 Kf6 59. Nd7+ Kf5
60. Nxb6 Kxf4 61. Nd7 g5 62. c5 Nd4 63. Nb6 Nc6 64. Kf2 g4 65. hxg4 Kxg4 66.
Ke3 Kf5 67. Nc4 Ke6 68. Ke4 Kd7 69. Ne5+ Nxe5 70. Kxe5 Kc7 71. Kd5 Kd7 72. c6+
Kc8 73. Kc5 1-0

[Event "?"]
[Site "?"]
[Date "????.??.??"]
[Round "?"]
[White "Nielsen, Rene Ole"]
[Black "Karbowiak, Adam"]
[Result "1/2-1/2"]
[WhiteElo "2202"]
[BlackElo "2256"]
[Annotator "6-04"]
[PlyCount "48"]
[EventDate "2004.08.12"]
[SourceDate "2004.08.12"]

1. e4 e6 2. d4 d5 3. Nd2 dxe4 4. Nxe4 Bd7 5. Nf3 Bc6 6. Bd3 Nd7 7. O-O Ngf6 8.
Ng3 Bxf3 9. Qxf3 c6 10. c4 Be7 11. b3 O-O 12. Bb2 Re8 13. Rfe1 Bd6 14. Ne4 Nxe4
15. Rxe4 e5 16. Rae1 Nf6 17. Rh4 exd4 18. Rxe8+ Qxe8 19. Bxd4 Qe1+ 20. Bf1 Be5
21. Qe2 Qxe2 22. Bxe2 Re8 23. Be3 b6 24. Kf1 c5 1/2-1/2

[Event "?"]
[Site "?"]
[Date "????.??.??"]
[Round "?"]
[White "O'Neill, Steve"]
[Black "Campeau, Jayson"]
[Result "1-0"]
[WhiteElo "1320"]
[BlackElo "1056"]
[Annotator "6-41"]
[PlyCount "97"]
[SourceDate "2004.08.12"]

1. d4 g6 2. Nf3 Bg7 3. Bg5 Nf6 4. Nbd2 d5 5. e3 O-O 6. Bd3 Nbd7 7. O-O c5 8. c3
c4 9. Bc2 b5 10. a3 Nb6 11. Re1 Bg4 12. h3 Bxf3 13. Nxf3 Re8 14. Nd2 e5 15.
dxe5 Rxe5 16. Nf3 Re8 17. e4 dxe4 18. Qxd8 Raxd8 19. Bxe4 Rc8 20. Bb7 Rxe1+ 21.
Rxe1 Re8 22. Rxe8+ Nxe8 23. Bc6 Nd6 24. Be7 Nf5 25. Bc5 Na4 26. Bxb5 Nxb2 27.
Nd2 Nd3 28. Bxa7 Bxc3 29. Nxc4 Nd4 30. Ba6 Nb2 31. Nxb2 Bxb2 32. a4 Nc6 33. Bb6
Bc3 34. Bb5 Na5 35. Kf1 Kg7 36. Ke2 h5 37. Kd3 Be1 38. f3 f5 39. Bd4+ Kh6 40.
Bc3 Bxc3 41. Kxc3 Kg5 42. Kb4 Nb7 43. Bc6 Nd8 44. Kb5 Kf4 45. a5 Ke5 46. Be8
Kf6 47. a6 Ne6 48. Kb6 Ke7 49. Bxg6 1-0

[Event "?"]
[Site "?"]
[Date "????.??.??"]
[Round "?"]
[White "Zengin, Sedat"]
[Black "Wantiez, Fabrice"]
[Result "0-1"]
[WhiteElo "2085"]
[BlackElo "2207"]
[Annotator "6-19"]
[PlyCount "48"]
[SourceDate "2004.08.12"]

1. e4 e5 2. Nf3 Nc6 3. Bb5 a6 4. Ba4 Nf6 5. O-O Be7 6. Qe2 b5 7. Bb3 d6 8. a4
Rb8 9. axb5 axb5 10. Nc3 O-O 11. Nxb5 Bg4 12. Bc4 Rxb5 13. Bxb5 Nd4 14. Qd3
Bxf3 15. gxf3 Nh5 16. Rd1 f5 17. Bc4+ Kh8 18. exf5 d5 19. Ba6 Bd6 20. Kh1 e4
21. Qxd4 Qh4 22. Kg1 Qxh2+ 23. Kf1 Qh1+ 24. Ke2 Nf4+ 0-1

[Event "?"]
[Site "?"]
[Date "????.??.??"]
[Round "?"]
[White "Khalil, Vincent"]
[Black "Adkins, James"]
[Result "0-1"]
[WhiteElo "2129"]
[BlackElo "1944"]
[Annotator "6-34"]
[PlyCount "64"]
[SourceDate "2004.08.12"]

1. e4 d6 2. Nc3 g6 3. d3 Bg7 4. g3 c5 5. Bg2 Nc6 6. f4 e5 7. Nf3 Bg4 8. h3 Be6
9. O-O h6 10. Be3 Nd4 11. Qd2 Qd7 12. Kh2 Ne7 13. Rae1 O-O-O 14. Ne2 Nec6 15.
c3 Nxf3+ 16. Rxf3 exf4 17. gxf4 f5 18. d4 cxd4 19. Nxd4 Nxd4 20. Bxd4 fxe4 21.
Rff1 d5 22. Bxa7 g5 23. Qe3 Bf8 24. Bd4 gxf4 25. Qxf4 Bd6 26. Be5 Rhf8 27. Qg3
Rg8 28. Qe3 Rdf8 29. Qxh6 Bxe5+ 30. Kh1 Rxf1+ 31. Rxf1 Bg7 32. Qe3 Rh8 0-1

[Event "?"]
[Site "?"]
[Date "????.??.??"]
[Round "?"]
[White "Krainski, Slawomir"]
[Black "Hater, David"]
[Result "0-1"]
[WhiteElo "2194"]
[BlackElo "2012"]
[Annotator "6-25"]
[PlyCount "80"]
[SourceDate "2004.08.12"]

1. e4 e5 2. Nf3 Nc6 3. Nc3 Nf6 4. d4 exd4 5. Nxd4 Bb4 6. Nxc6 Bxc3+ 7. bxc3
bxc6 8. Bd3 Qe7 9. O-O Qc5 10. c4 O-O 11. Bb2 d6 12. Kh1 Nd7 13. f4 Nb6 14. e5
Nxc4 15. Bd4 Qd5 16. Re1 Bg4 17. Qxg4 Qxd4 18. Rad1 Qc5 19. Bxh7+ Kxh7 20. Qh4+
Kg8 21. Rd3 dxe5 22. Rh3 f6 23. Qh5 Rad8 24. f5 Qf2 25. Rg1 Ne3 26. Qh7+ Kf7
27. Rf3 Qd2 28. Qg6+ Ke7 29. Qxg7+ Rf7 30. Qg3 Nd5 31. Ra3 Qxc2 32. Rxa7 Qxf5
33. Qa3+ Ke6 34. Qa6 Qc2 35. Qa3 Rg7 36. Qh3+ Qf5 37. Qa3 Rh8 38. h3 Qe4 39.
Kh2 Qb4 40. Qc1 Qf4+ 0-1

[Event "?"]
[Site "?"]
[Date "????.??.??"]
[Round "?"]
[White "Kilic, Mehmet"]
[Black "Capezza, Marco"]
[Result "0-1"]
[WhiteElo "1799"]
[BlackElo "2121"]
[Annotator "6-23"]
[PlyCount "92"]
[SourceDate "2004.08.12"]

1. e4 c5 2. Nc3 Nc6 3. f4 d6 4. Bc4 g6 5. Nf3 Bg7 6. O-O Nf6 7. d3 O-O 8. Qe1
e6 9. f5 exf5 10. Qh4 Ng4 11. Ng5 h6 12. h3 hxg5 13. Bxg5 Bf6 14. exf5 Bxg5 15.
Qxg4 Ne5 16. Qg3 Nxc4 17. dxc4 Bh4 18. Qg4 Qg5 19. Ne4 Qxg4 20. hxg4 Bd7 21. g3
Bc6 22. Rae1 Bxe4 23. Rxe4 Bxg3 24. Re7 Be5 25. c3 Kg7 26. Kg2 b6 27. Rd7 a5
28. a4 g5 29. Kf3 Rh8 30. Rb7 Rab8 31. Rxb8 Rxb8 32. Rh1 Re8 33. Re1 Kf6 34.
Re2 Rh8 35. Ke4 Ke7 36. Kd5 Kd7 37. Rg2 Rh4 38. Ke4 Kc6 39. Kd3 Rh3+ 40. Ke4
Rh2 41. Rxh2 Bxh2 42. Ke3 d5 43. Kd3 Bf4 44. b3 Kd6 45. cxd5 Kxd5 46. c4+ Ke5
0-1

[Event "?"]
[Site "?"]
[Date "????.??.??"]
[Round "?"]
[White "Bieluszewski, Piotr"]
[Black "Prostler, Andre"]
[Result "1-0"]
[WhiteElo "2169"]
[BlackElo "1953"]
[Annotator "6-21"]
[PlyCount "143"]
[SourceDate "2004.08.12"]

1. e4 e6 2. d4 d5 3. Nd2 Nf6 4. e5 Nfd7 5. Bd3 c5 6. c3 Nc6 7. Ne2 Qb6 8. Nf3
cxd4 9. cxd4 f6 10. exf6 Nxf6 11. O-O Bd6 12. Bf4 Bxf4 13. Nxf4 O-O 14. b3 Ne4
15. Nh5 e5 16. Bxe4 dxe4 17. Nxe5 Nxd4 18. Ng3 Qc5 19. Nc4 Bf5 20. Ne3 Bg6 21.
Rc1 Qe5 22. Rc4 Rad8 23. Qe1 b5 24. Rc1 h5 25. Ne2 Ne6 26. Qa5 h4 27. h3 Bh5
28. Qe1 Qg5 29. Kh1 Nc5 30. Rxc5 Qxc5 31. Nc3 Qb4 32. Ned5 Qd4 33. Ne7+ Kh8 34.
Nc6 Qd2 35. Nxd8 Rxd8 36. Nxe4 Qxa2 37. Qc3 Qe2 38. Re1 Qxe1+ 39. Qxe1 Rd1 40.
Qxd1 Bxd1 41. b4 Bc2 42. Nd6 Bd3 43. Nf7+ Kg8 44. Ne5 Be4 45. f3 Bf5 46. Kg1
Kf8 47. Kf2 Ke7 48. Ke3 Kd6 49. Kd4 Bc2 50. f4 Ke6 51. Ng4 Bb1 52. Ne3 Kd6 53.
Nd1 Bf5 54. Nc3 Bd7 55. Nd5 Bc6 56. Ne3 Bb7 57. Nf5+ Ke6 58. Nxh4 Kf6 59. g4 g5
60. fxg5+ Kxg5 61. Nf5 Bc8 62. Nd6 Bd7 63. Ne4+ Kh4 64. Ke5 Kxh3 65. g5 Be8 66.
Nd6 a5 67. bxa5 b4 68. a6 b3 69. Nc4 Bb5 70. a7 Bc6 71. g6 Kh4 72. g7 1-0

[Event "?"]
[Site "?"]
[Date "????.??.??"]
[Round "?"]
[White "Toll, Alec"]
[Black "Nilsson, Erik"]
[Result "1/2-1/2"]
[WhiteElo "2091"]
[BlackElo "2175"]
[Annotator "6-14"]
[PlyCount "24"]
[EventDate "2004.08.12"]
[SourceDate "2004.08.12"]

1. d4 e6 2. Nf3 f5 3. g3 Nf6 4. Bg2 d5 5. b3 c6 6. O-O Bd6 7. Ba3 O-O 8. Ne5
Bxa3 9. Nxa3 Nbd7 10. c4 Ne4 11. Qd3 Nxe5 12. dxe5 Qa5 1/2-1/2

[Event "?"]
[Site "?"]
[Date "????.??.??"]
[Round "?"]
[White "Wagenaar, Harm-Theo"]
[Black "Lebrun, Roger"]
[Result "1/2-1/2"]
[WhiteElo "2130"]
[BlackElo "1938"]
[Annotator "6-27"]
[PlyCount "22"]
[EventDate "2004.08.12"]
[SourceDate "2004.08.12"]

1. c4 Nf6 2. g3 g6 3. Bg2 Bg7 4. Nc3 O-O 5. e4 d6 6. Nge2 Nc6 7. O-O Nd7 8. d3
e5 9. Be3 Nc5 10. d4 exd4 11. Nxd4 Ne5 1/2-1/2

[Event "?"]
[Site "?"]
[Date "????.??.??"]
[Round "?"]
[White "Keough, Robert"]
[Black "Vercauteren, Daniel"]
[Result "0-1"]
[WhiteElo "2080"]
[BlackElo "1669"]
[Annotator "6-29"]
[PlyCount "54"]
[EventDate "2004.08.12"]
[SourceDate "2004.08.12"]

1. e4 e5 2. Nf3 Nc6 3. Bc4 Bc5 4. O-O Nf6 5. b4 Bxb4 6. c3 Be7 7. d4 d6 8. Qb3
O-O 9. Ng5 d5 10. exd5 Na5 11. Qc2 Nxc4 12. dxe5 Nxe5 13. c4 Ng6 14. f4 h6 15.
f5 hxg5 16. fxg6 fxg6 17. Qxg6 Nh7 18. Nd2 Bc5+ 19. Kh1 Rxf1+ 20. Nxf1 Qf6 21.
Qe8+ Nf8 22. Bb2 Qxb2 23. Re1 Bh3 24. Qe4 Re8 25. Rb1 Bxg2+ 26. Qxg2 Qxb1 27.
d6 Qe4 0-1

[Event "?"]
[Site "?"]
[Date "????.??.??"]
[Round "?"]
[White "Celen, Gazi"]
[Black "van den Heuvel, Tonnie"]
[Result "1-0"]
[WhiteElo "2119"]
[BlackElo "1962"]
[Annotator "6-28"]
[PlyCount "46"]
[EventDate "2004.08.12"]
[SourceDate "2004.08.12"]

1. e4 c5 2. Nf3 Nc6 3. d4 cxd4 4. Nxd4 e5 5. Nb5 d6 6. c4 Be7 7. N1c3 a6 8. Na3
f5 9. Bd3 f4 10. g3 Nf6 11. gxf4 exf4 12. Bxf4 Ng4 13. Qd2 O-O 14. Bg3 Nce5 15.
Be2 Nxf2 16. Bxf2 Rxf2 17. Kxf2 Bh4+ 18. Kg2 Qf6 19. Rhf1 Qg6+ 20. Kh1 Bh3 21.
Rg1 Qe8 22. Nc2 Qd7 23. Ne3 Rf8 1-0

[Event "?"]
[Site "?"]
[Date "????.??.??"]
[Round "?"]
[White "Stuhr, Finn"]
[Black "Morrison, Munroe"]
[Result "0-1"]
[WhiteElo "1483"]
[BlackElo "1720"]
[Annotator "6-38"]
[PlyCount "92"]
[EventDate "2004.08.12"]
[SourceDate "2004.08.12"]

1. e4 d6 2. d4 Nf6 3. Nc3 g6 4. Bc4 Bg7 5. e5 Nh5 6. Bd2 dxe5 7. dxe5 Bxe5 8.
Nf3 Bg7 9. Be2 Nf6 10. Bf4 Qxd1+ 11. Rxd1 c6 12. Bc7 O-O 13. O-O Bg4 14. Ne5
Bxe2 15. Nxe2 Nd5 16. Bxb8 Rfxb8 17. Nd3 Rd8 18. c4 Nf6 19. Nc5 b6 20. Nd3 c5
21. b3 Rd6 22. Nc3 Rad8 23. Nf4 Rxd1 24. Rxd1 Rxd1+ 25. Nxd1 Ne4 26. Nd5 Kf8
27. f3 Bd4+ 28. Kf1 Nf6 29. Nc7 Ne8 30. Na6 f5 31. Ke2 e5 32. Ne3 Bxe3 33. Kxe3
Ke7 34. a3 Kd6 35. b4 Nc7 36. Nxc7 Kxc7 37. b5 Kd6 38. f4 exf4+ 39. Kxf4 Ke6
40. h3 h6 41. h4 Kf6 42. g3 g5+ 43. Kf3 Ke5 44. Ke3 f4+ 45. gxf4+ gxf4+ 46. Kd3
Kf5 0-1

[Event "?"]
[Site "?"]
[Date "????.??.??"]
[Round "?"]
[White "de Waard, Marco"]
[Black "Helbig, Mark"]
[Result "0-1"]
[WhiteElo "1977"]
[BlackElo "2305"]
[Annotator "6-09"]
[PlyCount "64"]
[EventDate "2004.08.12"]
[SourceDate "2004.08.12"]

1. d4 Nf6 2. c4 e6 3. Nf3 b6 4. a3 Bb7 5. Nc3 d5 6. cxd5 Nxd5 7. e3 Be7 8. Qc2
Nd7 9. e4 Nxc3 10. bxc3 c5 11. Bd3 O-O 12. Qe2 Qc7 13. O-O Rad8 14. Bb2 Rfe8
15. Nd2 Bf8 16. e5 f5 17. exf6 Nxf6 18. Nf3 Bd6 19. Ne5 Bxe5 20. dxe5 Nd5 21.
g3 Qc6 22. f3 c4 23. Be4 Rd7 24. a4 Qc7 25. Rfe1 g6 26. f4 Red8 27. Qf2 Ne7 28.
Bxb7 Qxb7 29. Ba3 Rd3 30. Re3 Nf5 31. Rxd3 Rxd3 32. Bb2 Qd5 0-1

[Event "?"]
[Site "?"]
[Date "????.??.??"]
[Round "?"]
[White "Kovarcik, Thomas"]
[Black "Kraft, Matthias"]
[Result "0-1"]
[WhiteElo "2222"]
[BlackElo "2100"]
[Annotator "6-07"]
[PlyCount "84"]
[EventDate "2004.08.12"]
[SourceDate "2004.08.12"]

1. e4 e6 2. d4 d5 3. e5 c5 4. c3 Nc6 5. Nf3 Qb6 6. Be2 Bd7 7. O-O Rc8 8. Na3
cxd4 9. cxd4 Bxa3 10. bxa3 Nge7 11. Be3 Nf5 12. Rb1 Qc7 13. Qb3 Rb8 14. g4 Nxe3
15. Qxe3 O-O 16. g5 Na5 17. Rfc1 Qd8 18. Kh1 Bc6 19. Qf4 Nc4 20. Rb3 Ba4 21.
Rbc3 b5 22. Bd3 g6 23. h3 a5 24. Rg1 b4 25. Rcc1 Nb2 26. Bb1 b3 27. Rc3 bxa2
28. Bxa2 Nd1 29. Qc1 Nxf2+ 30. Kg2 Ne4 31. Rc7 Rb2+ 32. Qxb2 Qxc7 33. Rc1 Rb8
34. Qa1 Qe7 35. Rb1 Rc8 36. Rc1 Rb8 37. Rb1 Rxb1 38. Qxb1 Qxa3 39. h4 Nc3 40.
Qb8+ Kg7 41. Bb1 Nd1 42. Qd8 Qb2+ 0-1

[Event "?"]
[Site "?"]
[Date "????.??.??"]
[Round "?"]
[White "Lillevold, Frode"]
[Black "Victoria, Narciso"]
[Result "1-0"]
[WhiteElo "2097"]
[BlackElo "2192"]
[Annotator "6-12"]
[PlyCount "101"]
[EventDate "2004.08.12"]
[SourceDate "2004.08.12"]

1. d4 d5 2. c4 e6 3. Nc3 c5 4. cxd5 exd5 5. Nf3 Nc6 6. g3 Nf6 7. Bg2 Be7 8. O-O
O-O 9. b3 Ne4 10. Na4 b5 11. Nxc5 Nxc5 12. dxc5 Bf6 13. Be3 Bxa1 14. Qxa1 Re8
15. Nd4 Nxd4 16. Qxd4 Bb7 17. Rd1 Qe7 18. Rd2 Bc6 19. Bf4 Qb7 20. Be5 f6 21.
Bd6 b4 22. e3 a5 23. Bxd5+ Bxd5 24. Qxd5+ Qxd5 25. Rxd5 Rec8 26. Rd4 Kf7 27.
Kf1 Ra7 28. Ke2 f5 29. Kd3 Ke6 30. Kc4 Rb7 31. h4 g6 32. Bf4 Rc6 33. Rd8 Ra6
34. Re8+ Kd7 35. Rh8 Ke6 36. Rb8 Rxb8 37. Bxb8 Ra8 38. Bd6 Kd7 39. Kb5 Kc8 40.
c6 Ra7 41. Bc5 Rg7 42. Kxa5 Kc7 43. Kb5 Rg8 44. Bxb4 Re8 45. Ba5+ Kc8 46. Bc3
f4 47. gxf4 Rd8 48. b4 Rd3 49. Kc4 Rd1 50. b5 Kc7 51. Kc5 1-0

[Event "?"]
[Site "?"]
[Date "????.??.??"]
[Round "?"]
[White "Bellardi, Michel"]
[Black "Horvath, Milos"]
[Result "1/2-1/2"]
[WhiteElo "2063"]
[BlackElo "1735"]
[Annotator "6-32"]
[PlyCount "58"]
[EventDate "2004.08.12"]
[SourceDate "2004.08.12"]

1. d4 g6 2. e4 Bg7 3. Nc3 d6 4. Be3 Nf6 5. Qd2 Nbd7 6. f3 h5 7. Nh3 a6 8. O-O-O
e5 9. dxe5 dxe5 10. f4 Ng4 11. Bc5 b6 12. Qd5 Rb8 13. Bc4 Nh6 14. Ng5 bxc5 15.
Nxf7 Qe7 16. Nxh8 Bxh8 17. Qc6 exf4 18. Qxg6+ Kd8 19. Qxh6 Bg7 20. Qh7 c6 21.
Qxh5 Kc7 22. Rhe1 Nb6 23. Nd5+ cxd5 24. exd5 Bxb2+ 25. Kb1 Qf6 26. d6+ Kb7 27.
Qf3+ Ka7 28. Re7+ Bd7 29. Be6 Ba3 1/2-1/2

[Event "?"]
[Site "?"]
[Date "????.??.??"]
[Round "?"]
[White "Donatie, Roberto"]
[Black "Alaslar , Devrim"]
[Result "0-1"]
[WhiteElo "2166"]
[BlackElo "2051"]
[Annotator "6-15"]
[PlyCount "114"]
[EventDate "2004.08.12"]
[SourceDate "2004.08.12"]

1. c4 Nf6 2. d3 g6 3. e4 d6 4. Be2 Bg7 5. h4 h5 6. Nf3 c6 7. O-O O-O 8. Nc3
Nbd7 9. d4 Qc7 10. Bg5 e5 11. Rc1 exd4 12. Nxd4 Re8 13. f3 a5 14. Qd2 Nc5 15.
Rfd1 Nh7 16. Be3 Bf8 17. Bf4 Qe7 18. g3 Bg7 19. Nb3 Nxb3 20. axb3 Be5 21. Ra1
Be6 22. Bxe5 dxe5 23. Qd6 Qxd6 24. Rxd6 Kf8 25. Kf2 Ke7 26. Rd2 Nf6 27. Ke3 Nd7
28. Na4 Reb8 29. Nc3 Nc5 30. Ra3 b5 31. cxb5 Nxb3 32. Rxb3 Bxb3 33. bxc6 Be6
34. Nd5+ Bxd5 35. exd5 Kd6 36. Bc4 a4 37. f4 exf4+ 38. Kxf4 Rb4 39. Rc2 Rab8
40. Kg5 Rxb2 41. Rc3 Rc8 42. Kf4 Rc7 43. g4 hxg4 44. Kxg4 Rb4 45. Kg5 Rb2 46.
Ra3 Ra7 47. Kf6 Rg2 48. Bb3 Rg4 49. h5 gxh5 50. Bd1 Rg6+ 51. Kf5 h4 52. Bf3 h3
53. Bh5 h2 54. Rh3 a3 55. Rxh2 a2 56. c7 Kxc7 57. Rc2+ Kd8 0-1

[Event "?"]
[Site "?"]
[Date "????.??.??"]
[Round "?"]
[White "Kam, So"]
[Black "Bruns, Michael"]
[Result "0-1"]
[WhiteElo "1666"]
[BlackElo "2071"]
[Annotator "7-34"]
[PlyCount "48"]
[EventDate "2004.08.13"]
[SourceDate "2004.08.13"]

1. e4 c5 2. Nf3 d6 3. d4 cxd4 4. Nxd4 Nf6 5. Nc3 g6 6. Bc4 Bg7 7. Bg5 Nc6 8.
Nxc6 bxc6 9. Qe2 Qa5 10. Bf4 O-O 11. e5 Nh5 12. Bg3 Nxg3 13. fxg3 Qxe5 14. Qxe5
Bxe5 15. O-O d5 16. Bb3 Ba6 17. Rf3 Kg7 18. Re1 Bd4+ 19. Kh1 e5 20. Na4 e4 21.
Rf4 f5 22. c3 Be5 23. Rf2 Bd6 24. Rd1 e3 0-1

[Event "?"]
[Site "?"]
[Date "????.??.??"]
[Round "?"]
[White "Adkins, James"]
[Black "Lebel, Patrick"]
[Result "1/2-1/2"]
[WhiteElo "1944"]
[BlackElo "2151"]
[Annotator "7-25"]
[PlyCount "54"]
[EventDate "2004.08.13"]
[SourceDate "2004.08.13"]

1. g3 g6 2. Bg2 Bg7 3. d3 c5 4. e4 Nc6 5. Ne2 e6 6. Nbc3 Nge7 7. O-O O-O 8. f4
d6 9. Be3 Nd4 10. Rb1 Nec6 11. Qd2 Bd7 12. a3 a5 13. Nd1 b5 14. c3 Nxe2+ 15.
Qxe2 b4 16. axb4 axb4 17. e5 Qe7 18. cxb4 cxb4 19. Rc1 Rfc8 20. d4 d5 21. Nf2
Na5 22. Rxc8+ Rxc8 23. Rc1 Rxc1+ 24. Bxc1 b3 25. Bd2 Nc4 26. Bc3 Bb5 27. Qd1
Ba4 1/2-1/2

[Event "?"]
[Site "?"]
[Date "????.??.??"]
[Round "?"]
[White "Helbig, Mark"]
[Black "Indbryn, Tommy"]
[Result "1/2-1/2"]
[WhiteElo "2305"]
[BlackElo "2129"]
[Annotator "7-06"]
[PlyCount "56"]
[EventDate "2004.08.13"]
[SourceDate "2004.08.13"]

1. d4 d5 2. c4 c6 3. Nc3 dxc4 4. a4 e5 5. Nf3 exd4 6. Nxd4 Bc5 7. e3 Bxd4 8.
exd4 Be6 9. Be2 Ne7 10. O-O Nf5 11. Be3 Nd7 12. Ne4 O-O 13. Qc2 Qe7 14. Ng5 Nf6
15. Ra3 b5 16. Bf3 b4 17. Raa1 Nd5 18. Bxd5 cxd5 19. g4 b3 20. Qb1 Qf6 21. gxf5
Bxf5 22. Qd1 Qg6 23. h4 h6 24. h5 Qf6 25. Nf3 Bc2 26. Qe2 Bd3 27. Qd1 Bc2 28.
Qe2 Bd3 1/2-1/2

[Event "?"]
[Site "?"]
[Date "????.??.??"]
[Round "?"]
[White "Parker, Glen"]
[Black "Krainski, Slawomir"]
[Result "1/2-1/2"]
[WhiteElo "1900"]
[BlackElo "2194"]
[Annotator "7-32"]
[PlyCount "39"]
[SourceDate "2004.08.13"]

1. e4 g6 2. d4 Bg7 3. Be3 c6 4. Bd3 d5 5. e5 f6 6. f4 Nh6 7. Nf3 Bg4 8. Nbd2
fxe5 9. fxe5 Nf5 10. Bf2 Bh6 11. Be2 Ne3 12. Bxe3 Bxe3 13. h3 Be6 14. Nb3 Nd7
15. Bd3 c5 16. dxc5 Nxc5 17. Bb5+ Bd7 18. Bxd7+ Qxd7 19. Nxc5 Bxc5 20. Qe2
1/2-1/2

[Event "?"]
[Site "?"]
[Date "????.??.??"]
[Round "?"]
[White "Przedmojski, Rafal"]
[Black "Hole, Oystein"]
[Result "1/2-1/2"]
[WhiteElo "2370"]
[BlackElo "2332"]
[Annotator "7-02"]
[PlyCount "113"]
[EventDate "2004.08.13"]
[SourceDate "2004.08.13"]

1. d4 d5 2. c4 c6 3. Nf3 Nf6 4. Qc2 g6 5. Bf4 Bg7 6. e3 O-O 7. Nc3 a6 8. Bd3
dxc4 9. Bxc4 Nbd7 10. Rd1 Qa5 11. O-O c5 12. d5 b5 13. Be2 Nb6 14. Ne5 Bb7 15.
e4 b4 16. Nb1 Nfd7 17. Nxd7 Nxd7 18. Nd2 Qd8 19. Nc4 Ra7 20. Qd2 a5 21. Bh6 Nb6
22. Bxg7 Kxg7 23. Qe3 Nxc4 24. Bxc4 Qb6 25. Rd2 Rc8 26. Rc1 Ba8 27. h3 Rd7 28.
e5 Rcd8 29. Rcd1 Bb7 30. f4 Ba8 31. Rd3 Bb7 32. Kh1 Ba8 33. R1d2 Bb7 34. Qf2
Qc7 35. Qg3 Kh8 36. Qg4 Ba8 37. Qd1 Qb6 38. d6 exd6 39. Rxd6 Rxd6 40. Rxd6 Rxd6
41. Qxd6 Qxd6 42. exd6 Bc6 43. Bxf7 Kg7 44. Bc4 Kf6 45. Kg1 h5 46. Kf2 h4 47.
g4 hxg3+ 48. Kxg3 Bd7 49. a3 Be6 50. Bb5 c4 51. axb4 axb4 52. f5 gxf5 53. Kf4
c3 54. bxc3 bxc3 55. Bd3 Bb3 56. Bxf5 c2 57. Bxc2 1/2-1/2

[Event "?"]
[Site "?"]
[Date "????.??.??"]
[Round "?"]
[White "Victoria, Narciso"]
[Black "De Cat, Ben"]
[Result "1-0"]
[WhiteElo "2192"]
[BlackElo "1988"]
[Annotator "7-20"]
[PlyCount "173"]
[SourceDate "2004.08.13"]

1. c4 f5 2. Nc3 Nf6 3. g3 e5 4. d3 Be7 5. Bg2 O-O 6. e3 Nc6 7. Nge2 d6 8. O-O
Bd7 9. Rb1 Qe8 10. b4 Nd8 11. b5 g5 12. f4 h6 13. Nd5 Nxd5 14. Bxd5+ Kg7 15.
Nc3 Bf6 16. Bd2 Qg6 17. Kh1 h5 18. e4 g4 19. exf5 Bxf5 20. Be4 Ne6 21. Bxf5
Qxf5 22. Ne4 exf4 23. Bxf4 Nxf4 24. Rxf4 Qg6 25. Qg1 b6 26. Nxf6 Rxf6 27. Qd4
Raf8 28. Rbf1 R8f7 29. R1f2 Rf8 30. Kg1 R8f7 31. Kf1 Rf8 32. Ke1 Qg5 33. Rxf6
Rxf6 34. Ke2 Kf7 35. Qxf6+ Qxf6 36. Rxf6+ Kxf6 37. Ke3 Ke5 38. d4+ Kf5 39. a3
Ke6 40. Ke4 Kf6 41. Kd5 Kf5 42. a4 h4 43. Kc6 hxg3 44. hxg3 Ke4 45. Kxc7 Kxd4
46. Kb7 Kxc4 47. Kxa7 d5 48. a5 d4 49. axb6 d3 50. b7 d2 51. b8=Q d1=Q 52. b6
Qa4+ 53. Kb7 Kd3 54. Qd8+ Ke2 55. Kb8 Kf2 56. b7 Kg1 57. Qd6 Kh2 58. Kc8 Qe8+
59. Kc7 Qf7+ 60. Qd7 Qc4+ 61. Kd8 Qg8+ 62. Ke7 Qh7+ 63. Ke6 Qe4+ 64. Kf6 Qb4
65. Qc7 Qf8+ 66. Kg5 Qg8+ 67. Kf4 Qf8+ 68. Kxg4 Qg8+ 69. Kf5 Qf8+ 70. Ke6 Qg8+
71. Kd6 Qg6+ 72. Kc5 Qf5+ 73. Kb6 Qf2+ 74. Qc5 Qb2+ 75. Kc7 Qg7+ 76. Kb8 Qh8+
77. Ka7 Qa1+ 78. Kb6 Qb2+ 79. Ka6 Qa1+ 80. Qa5 Qf6+ 81. Ka7 Qf2+ 82. Ka8 Qf3
83. g4 Kh3 84. g5 Kh4 85. g6 Kh3 86. g7 Kh2 87. Qh5+ 1-0

[Event "?"]
[Site "?"]
[Date "????.??.??"]
[Round "?"]
[White "Cooper, Lawrence"]
[Black "Nielsen, Rene Ole"]
[Result "1/2-1/2"]
[WhiteElo "2315"]
[BlackElo "2202"]
[Annotator "7-03"]
[PlyCount "21"]
[EventDate "2004.08.13"]
[SourceDate "2004.08.13"]

1. e4 e5 2. Nf3 Nc6 3. Bb5 f5 4. Nc3 Nf6 5. Bxc6 dxc6 6. Qe2 Bd6 7. exf5 O-O 8.
d3 Bxf5 9. Ng5 Nd5 10. Nge4 b5 11. a3 1/2-1/2

[Event "?"]
[Site "?"]
[Date "????.??.??"]
[Round "?"]
[White "Campeau, Jayson"]
[Black "Smith, Bryan"]
[Result "0-1"]
[WhiteElo "1056"]
[BlackElo "1400"]
[Annotator "7-41"]
[PlyCount "50"]
[EventDate "2004.08.13"]
[SourceDate "2004.08.13"]

1. e4 c5 2. Nc3 Nc6 3. Bb5 a6 4. Bxc6 bxc6 5. d4 cxd4 6. Qxd4 d6 7. Be3 c5 8.
Qd3 g6 9. f4 Bg7 10. Bd2 e6 11. Nf3 Bb7 12. g4 Ne7 13. h4 h5 14. g5 Nc6 15. a3
O-O 16. O-O-O Qb6 17. Qxd6 Rfd8 18. Na4 Qb5 19. Nc3 Rxd6 20. Nxb5 axb5 21. Rde1
Rad8 22. e5 R6d7 23. c3 Na5 24. Kc2 Bxf3 25. Rh3 Rxd2+ 0-1

[Event "?"]
[Site "?"]
[Date "????.??.??"]
[Round "?"]
[White "Falbo, Sandro"]
[Black "de Waard, Marco"]
[Result "1/2-1/2"]
[WhiteElo "2204"]
[BlackElo "1977"]
[Annotator "7-14"]
[PlyCount "33"]
[EventDate "2004.08.13"]
[SourceDate "2004.08.13"]

1. d4 Nf6 2. c4 c5 3. d5 b5 4. cxb5 a6 5. bxa6 g6 6. Nc3 Bxa6 7. e4 Bxf1 8.
Kxf1 d6 9. g3 Bg7 10. Kg2 O-O 11. Nf3 Nbd7 12. Re1 Ng4 13. Qe2 Qa5 14. Nd2 Bxc3
15. Nc4 Qa6 16. bxc3 Nge5 17. Nxe5 1/2-1/2

[Event "?"]
[Site "?"]
[Date "????.??.??"]
[Round "?"]
[White "Charles, Freddy"]
[Black "Crapulli, Giuseppe"]
[Result "0-1"]
[WhiteElo "1820"]
[BlackElo "1970"]
[Annotator "7-38"]
[PlyCount "62"]
[EventDate "2004.08.13"]
[SourceDate "2004.08.13"]

1. d4 Nf6 2. Nf3 e6 3. e3 b6 4. Nbd2 Bb7 5. Bd3 c5 6. c3 Be7 7. O-O O-O 8. Qe2
d6 9. e4 cxd4 10. Nxd4 Nc6 11. Re1 a6 12. Nf1 Nd7 13. Ng3 Qc7 14. Be3 Nce5 15.
Bb1 d5 16. exd5 Bxd5 17. Be4 Bxe4 18. Nxe4 Nc4 19. Bg5 Bxg5 20. Nxg5 Rfe8 21.
Qh5 Nf6 22. Qe2 h6 23. Ngf3 b5 24. Rac1 e5 25. Nf5 e4 26. N3d4 Ne5 27. Ne3 Nd3
28. Ng4 Nd5 29. Nxh6+ gxh6 30. Qg4+ Kh8 31. Qh5 Qf4 0-1

[Event "?"]
[Site "?"]
[Date "????.??.??"]
[Round "?"]
[White "Shea, Joseph"]
[Black "Stuhr, Finn"]
[Result "1/2-1/2"]
[WhiteElo "1056"]
[BlackElo "1400"]
[Annotator "7-40"]
[PlyCount "49"]
[EventDate "2004.08.13"]
[SourceDate "2004.08.13"]

1. d4 Nf6 2. Nf3 b6 3. g3 Bb7 4. Bg2 e6 5. c4 d6 6. Nc3 Be7 7. O-O O-O 8. Re1
d5 9. cxd5 Nxd5 10. e4 Nf6 11. Qc2 Nc6 12. Qd2 Bb4 13. a3 Ba5 14. b4 Nxb4 15.
axb4 Bxb4 16. Ba3 a5 17. Bxb4 axb4 18. Rxa8 Qxa8 19. Nb5 Bxe4 20. Rxe4 Nxe4 21.
Qxb4 c6 22. Nc3 Rd8 23. Nxe4 c5 24. Qxb6 Rb8 25. Qxc5 1/2-1/2